00509nam a2200169Ia 4500003000400000008004100004040001600045082001800061100003600079245009200115260004500207490000500252650001900257650002400276650001300300650002600313GCL140319s9999 xx 000 0 ara d aGCL / cGCL04a701.17bح ا1 aحسن محمد حسن محمد10aالاصول الجمالية للفن الحديث / cحسن محمد حسن محمد a[S.N] : bدار الفكر العربى a04aالفلسفة04aعلم الجمال04aالفن04aالفن الحديث